[Event "Kimry Summer op"]
[Site "Kimry"]
[Date "2011.06.10"]
[Round "6"]
[White "Danilov, Alexander"]
[Black "Fedoruk, Nikolay"]
[Result "1-0"]
[WhiteElo "1798"]
[BlackElo "1744"]
[PlyCount "61"]
[EventDate "2011.06.08"]
[EventType "tourn"]
[EventRounds "7"]
[EventCountry "RUS"]
[SourceTitle "CBM 142 Extra"]
[Source "ChessBase"]
[SourceDate "2011.06.27"]
[SourceVersion "1"]
[SourceVersionDate "2011.06.27"]
[SourceQuality "1"]

1. Nf3 f5 2. d4 Nf6 3. c4 e6 4. g3 b6 5. Bg2 Bb7 6. 0-0 Be7 7. Nc3 Na6 8. Qc2 0-0 9. Bf4 Nh5 10. Bd2 Nf6 11. Rfe1 Qe8 12. Rad1 h6 13. a3 Rb8 14. Bf4 Nh5 15. Bc1 g5 16. b4 c5 17. b5 Nc7 18. d5 d6 19. e4 f4 20. e5 fxg3 21. fxg3 Rd8 22. exd6 Bxd6 23. Ne5 Bxe5 24. Rxe5 Rd6 25. Bh3 Rf6 26. Rde1 Qf7 27. Ne4 exd5 28. Nxd6 Rxd6 29. Re7 Qf3 30. Qh7+ Kf8 31. Qh8# 1-0

[Event "Kimry 56 Rtng winter"]
[Site "Kimry"]
[Date "2011.01.24"]
[Round "7.3"]
[White "Fedoruk, Nikolay"]
[Black "Kobozeva, Viktoria"]
[Result "0-1"]
[WhiteElo "1739"]
[BlackElo "1658"]
[PlyCount "106"]
[EventDate "2011.01.21"]
[EventType "swiss"]
[EventRounds "8"]
[EventCountry "RUS"]
[SourceTitle "EXT 2022"]
[Source "ChessBase"]
[SourceDate "2021.10.06"]
[SourceVersion "1"]
[SourceVersionDate "2021.10.06"]
[SourceQuality "1"]

1. d4 Nf6 2. c4 g6 3. Nc3 Bg7 4. e4 d6 5. f3 0-0 6. Be3 c6 7. Qd2 a6 8. a4 b6 9. Bd3 Nbd7 10. b4 Bb7 11. Nge2 Rc8 12. 0-0 c5 13. bxc5 bxc5 14. d5 Ne5 15. Rfb1 Rb8 16. Ra2 Qc7 17. Rab2 Ba8 18. Qc2 Rxb2 19. Rxb2 Rb8 20. Rxb8+ Qxb8 21. f4 Nxd3 22. Qxd3 Qb3 23. h3 Kf8 24. Bd2 Nd7 25. a5 Qa3 26. Qc2 Qxa5 27. Na4 Qd8 28. Qb3 Qb8 29. Qxb8+ Nxb8 30. Bc3 Nd7 31. Bxg7+ Kxg7 32. Kf2 e6 33. Nec3 Kf6 34. Kf3 h6 35. g3 Ke7 36. g4 Bb7 37. Ne2 Bc8 38. Nc1 g5 39. Nd3 Kf6 40. Kg3 Kg6 41. h4 Kf6 42. hxg5+ hxg5 43. Kf3 gxf4 44. Kxf4 e5+ 45. Kg3 Kg5 46. Nf2 Nf6 47. Nh3+ Kg6 48. Nf2 Bd7 49. Nb6 a5 50. Nxd7 Nxd7 51. Nd1 a4 52. Nc3 a3 53. Kf3 Nb6 0-1

[Event "Kimry 56 Rtng winter"]
[Site "Kimry"]
[Date "2011.01.23"]
[Round "6.1"]
[White "Osetrov, Vladislav"]
[Black "Fedoruk, Nikolay"]
[Result "1/2-1/2"]
[WhiteElo "1778"]
[BlackElo "1739"]
[PlyCount "64"]
[EventDate "2011.01.21"]
[EventType "swiss"]
[EventRounds "8"]
[EventCountry "RUS"]
[SourceTitle "EXT 2022"]
[Source "ChessBase"]
[SourceDate "2021.10.06"]
[SourceVersion "1"]
[SourceVersionDate "2021.10.06"]
[SourceQuality "1"]

1. e4 e6 2. d4 d5 3. Nd2 Nf6 4. e5 Nfd7 5. Bd3 c5 6. c3 Nc6 7. Ne2 Qb6 8. Nf3 f6 9. exf6 Nxf6 10. 0-0 Bd6 11. dxc5 Bxc5 12. Qc2 0-0 13. Ng5 h6 14. Nh7 Nxh7 15. Bxh7+ Kh8 16. Nf4 Ne7 17. b4 Bd6 18. g3 e5 19. Ng6+ Nxg6 20. Bxg6 Bh3 21. Rd1 Qc6 22. Bb2 Rf6 23. Bd3 Raf8 24. Rd2 e4 25. Bf1 Bxf1 26. Rxf1 e3 27. Re2 exf2+ 28. Rfxf2 Rxf2 29. Rxf2 Qb6 30. Kg2 Rxf2+ 31. Qxf2 Qxf2+ 32. Kxf2 Be5 1/2-1/2

[Event "Kimry 56 Rtng winter"]
[Site "Kimry"]
[Date "2011.01.21"]
[Round "2.1"]
[White "Torlopov, Nikita"]
[Black "Fedoruk, Nikolay"]
[Result "1-0"]
[WhiteElo "2125"]
[BlackElo "1739"]
[PlyCount "27"]
[EventDate "2011.01.21"]
[EventType "swiss"]
[EventRounds "8"]
[EventCountry "RUS"]
[SourceTitle "EXT 2022"]
[Source "ChessBase"]
[SourceDate "2021.10.06"]
[SourceVersion "1"]
[SourceVersionDate "2021.10.06"]
[SourceQuality "1"]

1. d4 Nf6 2. c4 e6 3. g3 d5 4. Nf3 c6 5. Bg2 Bd6 6. Nc3 Nbd7 7. 0-0 0-0 8. Nd2 b6 9. e4 dxe4 10. Ndxe4 Qc7 11. Nxd6 Qxd6 12. Bf4 Qb4 13. Bxc6 Qxb2 14. Qb3 1-0

[Event "Kimry op 51st"]
[Site "Kimry"]
[Date "2010.04.18"]
[Round "4"]
[White "Fedoruk, Nikolay"]
[Black "Khamko, Kristina"]
[Result "1/2-1/2"]
[WhiteElo "1727"]
[BlackElo "1547"]
[PlyCount "121"]
[EventDate "2010.04.17"]
[EventType "swiss"]
[EventRounds "8"]
[EventCountry "RUS"]
[SourceTitle "CBM 136 Extra"]
[Source "ChessBase"]
[SourceDate "2010.07.02"]
[SourceVersion "2"]
[SourceVersionDate "2010.07.15"]
[SourceQuality "1"]

1. d4 d5 2. c4 c6 3. Nc3 Nf6 4. Nf3 g6 5. Bf4 Bf5 6. e3 Nbd7 7. Qb3 b6 8. cxd5 cxd5 9. Nb5 Rc8 10. Be2 a6 11. Nc3 Ra8 12. Nxd5 Nxd5 13. Qxd5 Be6 14. Qb7 Bg7 15. 0-0 0-0 16. Bc7 Qc8 17. Qxc8 Rfxc8 18. Rfc1 Bf5 19. b3 h6 20. Ne1 e5 21. dxe5 Nxe5 22. Bxe5 Rxc1 23. Rxc1 Bxe5 24. Bd3 Be6 25. Rc2 b5 26. Nf3 Bd6 27. Nd4 Rc8 28. Nxe6 Rxc2 29. Bxc2 fxe6 30. Bxg6 Kg7 31. Bd3 Kf7 32. g3 Ke7 33. a4 bxa4 34. bxa4 a5 35. f4 Kf6 36. Kf2 Bc5 37. Kf3 Bb4 38. g4 Be1 39. e4 e5 40. h3 Bd2 41. fxe5+ Kxe5 42. Bb5 Bg5 43. Bc6 Bh4 44. Ke3 Bg5+ 45. Kd3 Bh4 46. Kc4 Be1 47. Kb5 Bd2 48. Kc5 Bb4+ 49. Kc4 Be1 50. Bd5 Bf2 51. Kb5 Be1 52. h4 Kf4 53. g5 hxg5 54. hxg5 Kxg5 55. Kc6 Kf6 56. Kd6 Bc3 57. Kc6 Ke5 58. Kb5 Bb4 59. Bc6 Kd6 60. Bd5 Ke5 61. Bc6 1/2-1/2

[Event "Kimry op 51st"]
[Site "Kimry"]
[Date "2010.04.17"]
[Round "1"]
[White "Nefedov, Dmitriy"]
[Black "Fedoruk, Nikolay"]
[Result "1-0"]
[WhiteElo "2133"]
[BlackElo "1727"]
[PlyCount "73"]
[EventDate "2010.04.17"]
[EventType "swiss"]
[EventRounds "8"]
[EventCountry "RUS"]
[SourceTitle "CBM 136 Extra"]
[Source "ChessBase"]
[SourceDate "2010.07.02"]
[SourceVersion "2"]
[SourceVersionDate "2010.07.15"]
[SourceQuality "1"]

1. Nf3 Nf6 2. c4 e6 3. g3 d5 4. Bg2 dxc4 5. 0-0 Nc6 6. Qa4 Be7 7. Ne5 Bd7 8. Nxc6 Bxc6 9. Bxc6+ bxc6 10. Qxc6+ Nd7 11. Nc3 a6 12. Qxc4 0-0 13. d3 Bf6 14. Ne4 h6 15. Nxf6+ Nxf6 16. Bf4 Nd5 17. Rac1 Nxf4 18. Qxf4 Rc8 19. Rc6 Qd5 20. Qc4 Qxc4 21. Rxc4 Rb8 22. b3 Rb7 23. Rfc1 Rc8 24. Rc6 a5 25. R1c4 Kf8 26. Ra6 Rb5 27. Ra7 Rb4 28. Rxa5 Rxc4 29. bxc4 Rb8 30. Ra7 Ke8 31. Rxc7 Rb2 32. e3 Rxa2 33. h4 Ra3 34. d4 g6 35. Kg2 Ra5 36. Kf3 e5 37. Rc5 1-0

[Event "Kimry Winter"]
[Site "Kimry"]
[Date "2010.01.24"]
[Round "3"]
[White "Fedoruk, Nikolay"]
[Black "Bolgov, Ilia"]
[Result "1-0"]
[WhiteElo "1712"]
[BlackElo "1692"]
[PlyCount "33"]
[EventDate "2010.01.23"]
[EventType "swiss"]
[EventRounds "8"]
[EventCountry "RUS"]
[SourceTitle "EXT 2022"]
[Source "ChessBase"]
[SourceDate "2021.10.06"]
[SourceVersion "1"]
[SourceVersionDate "2021.10.06"]
[SourceQuality "1"]

1. d4 d5 2. c4 e6 3. Nc3 f5 4. Nf3 Ne7 5. Bg5 h6 6. Bh4 Nbc6 7. e3 g5 8. Bg3 b6 9. h3 Ba6 10. Qa4 Bb7 11. Nb5 Rc8 12. Nxc7+ Rxc7 13. Bxc7 Qxc7 14. cxd5 Nxd5 15. Bb5 Kd8 16. Rc1 Bb4+ 17. Ke2 1-0

[Event "Kimry op Nov"]
[Site "Kimry"]
[Date "2009.11.28"]
[Round "6"]
[White "Fedoruk, Nikolay"]
[Black "Danilov, Alexander"]
[Result "0-1"]
[WhiteElo "1702"]
[BlackElo "1968"]
[PlyCount "48"]
[EventDate "2009.11.21"]
[EventType "swiss"]
[EventRounds "8"]
[EventCountry "RUS"]
[SourceTitle "EXT 2011"]
[Source "ChessBase"]
[SourceDate "2010.11.26"]
[SourceVersion "1"]
[SourceVersionDate "2010.11.26"]
[SourceQuality "1"]

1. e4 e5 2. Nf3 Nc6 3. Bb5 a6 4. Bxc6 dxc6 5. Nc3 Bd6 6. 0-0 Nf6 7. d4 Bg4 8. dxe5 Bxf3 9. Qxf3 Bxe5 10. Bg5 Qe7 11. Bxf6 Bxf6 12. Rfe1 Be5 13. h3 0-0-0 14. Qe3 Bd4 15. Qf4 g5 16. Qf3 Be5 17. Rad1 Rdg8 18. Qg4+ Kb8 19. Qf5 f6 20. Rd7 Qb4 21. Rxh7 Rxh7 22. Qxh7 Rd8 23. Rd1 Rxd1+ 24. Nxd1 Qe1# 0-1

[Event "Kimry Spring op 44th"]
[Site "Kimry"]
[Date "2009.04.13"]
[Round "1"]
[White "Fedoruk, Nikolay"]
[Black "Shidlovski, Yuri"]
[Result "0-1"]
[WhiteElo "1702"]
[BlackElo "1994"]
[PlyCount "96"]
[EventDate "2009.04.13"]
[EventType "swiss"]
[EventRounds "7"]
[EventCountry "RUS"]
[SourceTitle "EXT 2022"]
[Source "ChessBase"]
[SourceDate "2021.10.06"]
[SourceVersion "1"]
[SourceVersionDate "2021.10.06"]
[SourceQuality "1"]

1. d4 d5 2. c4 e6 3. Nc3 Nf6 4. Nf3 Nbd7 5. Bg5 c6 6. e3 Qa5 7. c5 Ne4 8. Qb3 b6 9. cxb6 axb6 10. Bd3 Bb4 11. Bxe4 dxe4 12. Nd2 Bxc3 13. bxc3 Qxg5 14. 0-0 Qd5 15. Qc2 f5 16. c4 Qd6 17. f3 exf3 18. Rxf3 0-0 19. Raf1 Bb7 20. Rg3 Nf6 21. Rh3 c5 22. Nf3 Bxf3 23. Rfxf3 cxd4 24. Qd3 Rad8 25. Rhg3 dxe3 26. Qxe3 Qd1+ 27. Rf1 Qd4 28. Qxd4 Rxd4 29. Rb3 Nd7 30. Rc3 Rc8 31. Re1 Kf7 32. Rec1 Rd2 33. a4 Ra2 34. Rh3 Rxa4 35. Rxh7 Raxc4 36. Rxc4 Rxc4 37. Rh3 b5 38. Rb3 b4 39. Kf1 Nc5 40. Rb1 b3 41. Ke2 Rc2+ 42. Kf1 b2 43. Ke1 Rc1+ 44. Rxc1 bxc1Q+ 45. Kf2 Ne4+ 46. Kf3 e5 47. Ke2 Qd2+ 48. Kf1 Qf2# 0-1